Statistics for Most Popular Baby Boy Names in the U.S.

Click here to take the quiz!

General Stats

  • This quiz has been taken 81,246 times
    (15,996 since last reset)
  • The average score is 9 of 18

Answer Stats

Name % Correct
William
86%
James
74%
Michael
72%
Liam
66%
Matthew
59%
Jacob
57%
Lucas
56%
Daniel
56%
Noah
53%
Oliver
52%
Benjamin
50%
Ethan
45%
Alexander
44%
Elijah
36%
Mason
27%
Aiden
24%
Logan
21%
Jayden
20%

Score Distribution

Percentile by Number Answered

Percent of People with Each Score

Your Score History

You have not taken this quiz since the last reset